[Event "TUR-chT 1st League"]
[Site "Konya"]
[Date "2017.07.20"]
[Round "5.10"]
[White "Yontar, Sabrican Onay"]
[Black "Kucukdogerli, Murat Can"]
[Result "0-1"]
[WhiteElo "1855"]
[BlackElo "1871"]
[PlyCount "84"]
[EventDate "2017.07.17"]
[EventType "team-swiss"]
[EventRounds "9"]
[EventCountry "TUR"]
[SourceTitle "CBM 179 Extra"]
[Source "ChessBase"]
[SourceDate "2017.08.23"]
[SourceVersion "1"]
[SourceVersionDate "2017.08.23"]
[SourceQuality "1"]
[WhiteTeam "Istanbul Teknik Uni"]
[BlackTeam "Ankara Ego"]
[WhiteTeamCountry "TUR"]
[BlackTeamCountry "TUR"]

1. d4 e6 2. Nf3 d5 3. Bf4 Nf6 4. e3 Bd6 5. Bg3 0-0 6. Bd3 Qe7 7. Nbd2 Nbd7 8. Ne5 Ne8 9. 0-0 f5 10. Ndf3 g5 11. Nxd7 Bxd7 12. c4 c6 13. Bxd6 Nxd6 14. Ne5 Nf7 15. f4 Nxe5 16. dxe5 g4 17. Rc1 Kg7 18. Qe2 h5 19. a3 h4 20. h3 g3 21. Rfd1 Rac8 22. Rd2 Rfd8 23. cxd5 cxd5 24. Rdc2 Qe8 25. Rc7 Kh6 26. Qd1 Bc6 27. Rxc8 Rxc8 28. b4 a6 29. Rc5 Qd7 30. Be2 Rd8 31. Qd4 Rc8 32. Qd1 b6 33. Rc3 Bb5 34. Bxb5 axb5 35. Qc2 Rc4 36. Kf1 d4 37. exd4 Qxd4 38. Rxc4 bxc4 39. Qe2 Qxf4+ 40. Ke1 c3 41. Kd1 Qd4+ 42. Kc1 f4 0-1

[Event "TUR-chT2"]
[Site "Konya"]
[Date "2016.07.19"]
[Round "4.9"]
[White "Uygur, Onur"]
[Black "Kucukdogerli, Murat Can"]
[Result "1-0"]
[WhiteElo "1901"]
[BlackElo "1903"]
[PlyCount "65"]
[EventDate "2016.07.17"]
[EventType "team-swiss"]
[EventRounds "9"]
[EventCountry "TUR"]
[SourceTitle "CBM 173 Extra"]
[Source "ChessBase"]
[SourceDate "2016.08.29"]
[SourceVersion "1"]
[SourceVersionDate "2016.08.29"]
[SourceQuality "1"]
[WhiteTeam "Ankara Orta Dogu"]
[BlackTeam "Ankara Ego"]
[WhiteTeamCountry "TUR"]
[BlackTeamCountry "TUR"]

1. e4 e6 2. d4 d5 3. exd5 exd5 4. Nc3 Nf6 5. Bd3 Be7 6. Nf3 Bg4 7. h3 Bh5 8. g4 Bg6 9. Ne5 0-0 10. f4 Ne4 11. 0-0 Nxc3 12. bxc3 Bxd3 13. Qxd3 Nd7 14. Rb1 Nxe5 15. dxe5 b6 16. f5 Re8 17. Bf4 Qd7 18. Rbe1 Bf8 19. g5 Rad8 20. h4 c5 21. Qh3 c4 22. h5 d4 23. e6 fxe6 24. fxe6 Qe7 25. Qf5 dxc3 26. Qf7+ Kh8 27. h6 Rd5 28. Kh2 Qxf7 29. exf7 Red8 30. Re8 gxh6 31. Be5+ Rxe5 32. Rxd8 Re2+ 33. Kh1 1-0

[Event "Manavgat Turkey Cup"]
[Site "Manavgat"]
[Date "2016.02.01"]
[Round "4"]
[White "Tuncer, Kerem"]
[Black "Kucukdogerli, Murat Can"]
[Result "0-1"]
[WhiteElo "1252"]
[BlackElo "1888"]
[PlyCount "83"]
[EventDate "2016.01.30"]
[EventType "swiss"]
[EventRounds "11"]
[EventCountry "TUR"]
[SourceTitle "CBM 170 Extra"]
[Source "ChessBase"]
[SourceDate "2016.02.25"]
[SourceVersion "1"]
[SourceVersionDate "2016.02.25"]
[SourceQuality "1"]

1. d4 Nf6 2. c4 g6 3. Nc3 Bg7 4. e4 d6 5. Nf3 0-0 6. Be2 Na6 7. 0-0 e5 8. d5 Nc5 9. Qc2 a5 10. Ne1 Nfd7 11. f3 f5 12. Be3 b6 13. Nd3 Nf6 14. Nxc5 bxc5 15. a3 f4 16. Bf2 g5 17. Rab1 g4 18. b4 axb4 19. axb4 cxb4 20. Rxb4 g3 21. Be1 gxh2+ 22. Kh1 Nh5 23. Nd1 Ng3+ 24. Bxg3 fxg3 25. Ne3 h5 26. Re1 Qg5 27. Bf1 h4 28. Rbb1 Bh6 29. Qe2 Qxe3 30. Qxe3 Bxe3 31. Rxe3 Bd7 32. Reb3 Ra7 33. R3b2 Rfa8 34. Rb4 Ra1 35. R4b3 Rxb1 36. Rxb1 Kg7 37. Rc1 Kg6 38. Re1 Ra2 39. Rd1 Kg5 40. c5 dxc5 41. d6 cxd6 42. Ra1 0-1

[Event "TUR-chT2"]
[Site "Konya"]
[Date "2015.07.30"]
[Round "8.4"]
[White "Kucukdogerli, Murat Can"]
[Black "Erturan, Yakup"]
[Result "0-1"]
[WhiteElo "1859"]
[BlackElo "2378"]
[PlyCount "56"]
[EventDate "2015.07.25"]
[EventType "team-swiss"]
[EventRounds "9"]
[EventCountry "TUR"]
[SourceTitle "CBM 167 Extra"]
[Source "ChessBase"]
[SourceDate "2015.09.14"]
[SourceVersion "1"]
[SourceVersionDate "2015.09.14"]
[SourceQuality "1"]
[WhiteTeam "Ankara Ego"]
[BlackTeam "Istanbul Darussafaka"]
[WhiteTeamCountry "TUR"]
[BlackTeamCountry "TUR"]

1. e4 c5 2. Nc3 Nc6 3. d3 g6 4. g3 Bg7 5. Be3 d6 6. Qd2 e6 7. Bg2 Rb8 8. Nge2 Nd4 9. Nd1 Nxe2 10. Qxe2 Ne7 11. Qd2 h6 12. 0-0 b6 13. a4 d5 14. exd5 Nxd5 15. Nc3 Nxe3 16. fxe3 0-0 17. Kh1 Bb7 18. a5 b5 19. Nd1 h5 20. c3 h4 21. Bxb7 Rxb7 22. Qg2 Rd7 23. d4 cxd4 24. exd4 e5 25. dxe5 Rd2 26. Qf3 hxg3 27. hxg3 Rd3 28. Ne3 Qg5 0-1

[Event "TUR-chT2"]
[Site "Konya"]
[Date "2015.07.29"]
[Round "7.5"]
[White "Kucukdogerli, Murat Can"]
[Black "Akyildiz, Baris"]
[Result "1-0"]
[WhiteElo "1859"]
[BlackElo "1951"]
[PlyCount "77"]
[EventDate "2015.07.25"]
[EventType "team-swiss"]
[EventRounds "9"]
[EventCountry "TUR"]
[SourceTitle "CBM 167 Extra"]
[Source "ChessBase"]
[SourceDate "2015.09.14"]
[SourceVersion "1"]
[SourceVersionDate "2015.09.14"]
[SourceQuality "1"]
[WhiteTeam "Ankara Ego"]
[BlackTeam "Manisa Salihli Sardes"]
[WhiteTeamCountry "TUR"]
[BlackTeamCountry "TUR"]

1. e4 c5 2. Nc3 Nc6 3. d3 g6 4. g3 Bg7 5. Be3 d6 6. Bg2 Rb8 7. f4 e6 8. Nf3 Nge7 9. 0-0 Nd4 10. Qd2 0-0 11. Nd1 b5 12. g4 f5 13. h3 b4 14. a3 b3 15. c3 Nc2 16. Rc1 Nxe3 17. Qxe3 Qc7 18. Nf2 Kh8 19. Rce1 fxg4 20. hxg4 d5 21. Nh3 d4 22. cxd4 cxd4 23. Qf2 Ng8 24. Qh4 Rb5 25. Ne5 Rxe5 26. fxe5 Qe7 27. Qxe7 Nxe7 28. Rc1 Ba6 29. Rxf8+ Bxf8 30. Bf1 Bb5 31. Ng5 Nc6 32. Nxe6 Be7 33. Nc7 Ba4 34. Rc4 Bxa3 35. Rxa4 Bxb2 36. Ra6 Bc3 37. Rxc6 b2 38. Ne6 h5 39. Rc8+ 1-0

[Event "TUR-chT2"]
[Site "Konya"]
[Date "2015.07.28"]
[Round "6.5"]
[White "Molla, Ersen"]
[Black "Kucukdogerli, Murat Can"]
[Result "0-1"]
[WhiteElo "1933"]
[BlackElo "1859"]
[PlyCount "90"]
[EventDate "2015.07.25"]
[EventType "team-swiss"]
[EventRounds "9"]
[EventCountry "TUR"]
[SourceTitle "CBM 167 Extra"]
[Source "ChessBase"]
[SourceDate "2015.09.14"]
[SourceVersion "1"]
[SourceVersionDate "2015.09.14"]
[SourceQuality "1"]
[WhiteTeam "Izmir Karsiyaka"]
[BlackTeam "Ankara Ego"]
[WhiteTeamCountry "TUR"]
[BlackTeamCountry "TUR"]

1. e4 e6 2. d4 d5 3. Nc3 Bb4 4. e5 b6 5. Qg4 Bf8 6. Bg5 Qd7 7. h4 Ba6 8. Bxa6 Nxa6 9. Qe2 Nb4 10. a3 Nc6 11. Nf3 Nge7 12. h5 0-0-0 13. Qa6+ Kb8 14. b4 h6 15. Bh4 Rg8 16. 0-0-0 g5 17. hxg6 Rxg6 18. g3 Rc8 19. Nb5 Re8 20. Rd3 Nc8 21. Rb3 Ka8 22. Nc3 Nb8 23. Qe2 c5 24. bxc5 bxc5 25. Qb5 Qxb5 26. Nxb5 Na6 27. c3 Nb6 28. Kc2 Rc8 29. Nd6 Bxd6 30. exd6 f6 31. Re1 cxd4 32. Nxd4 Nc5 33. Rxe6 Nxb3 34. Kxb3 Nd7 35. Re7 Nc5+ 36. Kb4 Rgg8 37. Kb5 Ne4 38. Ka6 Nc5+ 39. Kb5 Ne4 40. Ka6 Nxd6 41. Rxa7+ Kb8 42. Bxf6 Rxc3 43. a4 Rc7 44. Rxc7 Kxc7 45. Be5 Ra8# 0-1

[Event "Kemer Turkey Cup"]
[Site "Kemer"]
[Date "2014.02.03"]
[Round "4"]
[White "Silivri, Volkan Resat"]
[Black "Kucukdogerli, Murat Can"]
[Result "0-1"]
[WhiteElo "1679"]
[BlackElo "1899"]
[PlyCount "50"]
[EventDate "2014.02.01"]
[EventType "swiss"]
[EventRounds "9"]
[EventCountry "TUR"]
[SourceTitle "CBM 158 Extra"]
[Source "ChessBase"]
[SourceDate "2014.02.28"]
[SourceVersion "1"]
[SourceVersionDate "2014.02.28"]
[SourceQuality "1"]

1. e4 e6 2. d4 d5 3. e5 c5 4. c3 Nc6 5. Nf3 Qb6 6. Bd3 cxd4 7. cxd4 Bd7 8. Nc3 Nxd4 9. Nxd4 Qxd4 10. 0-0 a6 11. Qe2 Ne7 12. Kh1 Nc6 13. f4 Bc5 14. a3 Na5 15. Rd1 Nb3 16. Rb1 Nxc1 17. Rbxc1 Qf2 18. Qg4 g6 19. Rc2 h5 20. Qg5 Qe3 21. Re2 Be7 22. Qxe7+ Kxe7 23. Nxd5+ exd5 24. Rxe3 Rac8 25. Re2 Bg4 0-1

[Event "Kemer Turkey Cup"]
[Site "Kemer"]
[Date "2014.02.02"]
[Round "2"]
[White "Kucukdogerli, Murat Can"]
[Black "Sehitogullari, Halil"]
[Result "0-1"]
[WhiteElo "1899"]
[BlackElo "1747"]
[PlyCount "82"]
[EventDate "2014.02.01"]
[EventType "swiss"]
[EventRounds "9"]
[EventCountry "TUR"]
[SourceTitle "CBM 158 Extra"]
[Source "ChessBase"]
[SourceDate "2014.02.28"]
[SourceVersion "1"]
[SourceVersionDate "2014.02.28"]
[SourceQuality "1"]

1. e4 e6 2. d4 d5 3. e5 c5 4. c3 Nc6 5. Be3 Qb6 6. Qd2 cxd4 7. Bxd4 Nxd4 8. cxd4 Ne7 9. Nf3 Nc6 10. Be2 Be7 11. 0-0 0-0 12. Nc3 f6 13. Rac1 Bd7 14. Bd3 Be8 15. Na4 Qb4 16. Nc3 Bh5 17. a3 Qa5 18. exf6 Bxf6 19. Ng5 Nxd4 20. Bxh7+ Kh8 21. Bb1 Ne2+ 22. Kh1 Nxc1 23. Qxc1 d4 24. Nxe6 dxc3 25. Qc2 g6 26. Nxf8 Rxf8 27. h3 Qg5 28. bxc3 Re8 29. g4 Bxg4 30. hxg4 Qh4+ 31. Kg2 Qxg4+ 32. Kh2 Re5 33. Qxg6 Rh5+ 34. Qxh5+ Qxh5+ 35. Kg3 Qg5+ 36. Kf3 Qh5+ 37. Ke3 Qc5+ 38. Ke2 Qe5+ 39. Kd1 Qxc3 40. a4 Qf3+ 41. Kc1 Bg5+ 0-1

[Event "Gebze op"]
[Site "Gebze"]
[Date "2013.10.04"]
[Round "3"]
[White "Kucukdogerli, Murat Can"]
[Black "Rahmanov, Shahriyar Teymur Og"]
[Result "0-1"]
[WhiteElo "1897"]
[BlackElo "2261"]
[PlyCount "55"]
[EventDate "2013.10.03"]
[EventType "swiss"]
[EventRounds "7"]
[EventCountry "TUR"]
[SourceTitle "CBM 157 Extra"]
[Source "ChessBase"]
[SourceDate "2013.12.19"]
[SourceVersion "1"]
[SourceVersionDate "2013.12.19"]
[SourceQuality "1"]

1. e4 d5 2. exd5 Nf6 3. d4 Bg4 4. Bb5+ Nbd7 5. f3 Bf5 6. c4 e6 7. dxe6 Bxe6 8. Ne2 c6 9. Ba4 Bxc4 10. 0-0 Nb6 11. Bc2 Be7 12. Nbc3 0-0 13. b3 Ba6 14. Re1 Qd7 15. Bg5 Rad8 16. a3 Rfe8 17. Qd2 Nbd5 18. Rad1 Bxa3 19. Nxd5 Nxd5 20. Ng3 f6 21. Bf5 Qf7 22. Rxe8+ Rxe8 23. Bf4 Bb4 24. Qc1 Nc3 25. Rd2 g5 26. Bd6 Ba3 27. Qe1 Nd5 28. Qd1 0-1

[Event "Gebze op"]
[Site "Gebze"]
[Date "2013.10.03"]
[Round "2"]
[White "Morchiashvili, Bachana"]
[Black "Kucukdogerli, Murat Can"]
[Result "1-0"]
[WhiteElo "2358"]
[BlackElo "1897"]
[PlyCount "57"]
[EventDate "2013.10.03"]
[EventType "swiss"]
[EventRounds "7"]
[EventCountry "TUR"]
[SourceTitle "CBM 157 Extra"]
[Source "ChessBase"]
[SourceDate "2013.12.19"]
[SourceVersion "1"]
[SourceVersionDate "2013.12.19"]
[SourceQuality "1"]

1. d4 Nf6 2. c4 g6 3. Nc3 Bg7 4. Nf3 0-0 5. e4 d6 6. h3 Nbd7 7. Bg5 h6 8. Be3 c5 9. d5 Qa5 10. Bd3 a6 11. Bd2 Rb8 12. 0-0 Ne8 13. Rb1 Qd8 14. a3 Nc7 15. Qe2 b6 16. Rfe1 g5 17. b4 cxb4 18. axb4 Ra8 19. Bc2 a5 20. Qd3 Re8 21. e5 dxe5 22. bxa5 bxa5 23. h4 f6 24. Qh7+ Kf8 25. hxg5 fxg5 26. Nh4 e6 27. Bc1 Qf6 28. Ba3+ Kf7 29. Bg6+ 1-0